| 000 | 01776nam0a2200349 4500 | ||
|---|---|---|---|
| 001 | RU\NLR\BIBL_A\022584836 | ||
| 005 | 20260420050753.0 | ||
| 010 |
_a978-5-19-012244-2 _950 |
||
| 021 |
_aRU _bКН-П-25-029043 _9КН-П-25-2871 |
||
| 035 | _a(NLR Aleph) 022584836 | ||
| 090 |
_a13677900 _c13677900 |
||
| 100 | _a20250714d2025 k y0rusy50 ca | ||
| 101 | 0 | _arus | |
| 102 | _aRU | ||
| 105 | _ay z 000zy | ||
| 181 | 0 |
_ai _baxxe |
|
| 182 | 0 | _an | |
| 200 | 1 |
_aКлассические решения гиперболических дифференциально-разностных уравнений _eмонография _fН. В. Зайцева _gМосковский государственный университет имени М. В. Ломоносова, Факультет вычислительной математики и кибернетики |
|
| 203 |
_aТекст _bвизуальный _cнепосредственный |
||
| 210 |
_aМосква _cИздательство Московского университета _d2025 |
||
| 215 |
_a100 с. _d24 |
||
| 300 | _aНа 4-й с. обл. авт.: Н. В. Зайцева, канд. физ.-мат. наук, доц. | ||
| 320 | _aБиблиогр.: с. 89-100 (110 назв.) | ||
| 606 | 1 |
_aГиперболические уравнения _92180420 _3RU\NLR\AUTH\661311253 |
|
| 606 | 1 |
_aДифференциально-разностные уравнения _91001430 _3RU\NLR\AUTH\66379795 |
|
| 686 | 1 | _aВ161.614 | |
| 686 | 1 | _aВ161.626.2 | |
| 700 | 1 |
_7ca _8rus _aЗайцева _bН. В. _cматематик _f1980- _gНаталья Владимировна _9243054 _3RU\NLR\AUTH\770243110 |
|
| 942 | _cBOOK | ||
| 980 | _aNB | ||